| 000 | 01473nab a2200193 i 4500 | ||
|---|---|---|---|
| 001 | 768714001 | ||
| 003 | CO-MdFUSB | ||
| 005 | 20230111160428.0 | ||
| 008 | 220919s2012 gt ||||| |||| 00| 0 spa d | ||
| 040 |
_bspa _cCO-MdFUSB _dCO-MdFUSB |
||
| 041 | _aspa | ||
| 100 |
_aCorpeño, Gerardo A., _eautor |
||
| 245 | 3 |
_aEl significado de la cruz en la cristología de Richard Bauckham _c/ Gerardo A. Corpeño |
|
| 300 |
_aNúmero 50, (Enero - Junio, 2012), páginas 33-72 _c; 21 cm. |
||
| 520 | _aBauckham utiliza la categoría de la identidad de Dios para explicar cómo los primeros cristianos pudieron confesar a Jesús como Dios sin romper con el monoteísmo del Judaísmo. Él arguye que el NT describe a Jesús en los términos de identidad divina. Esta inclusión de Jesús en la identidad de Dios era consistente con la caracterización de Dios en el Antiguo Testamento, especialmente en Isaías 40-55. Lo más novedoso de dicha inclusión no era lo que dice sobre Jesús, sino lo que dice sobre Dios, pues la crucifixión de Cristo fue la revelación decisiva de la identidad divina. Evaluaciones de la propuesta de Bauckham han señalado fortalezas y debilidades. Tiene utilidad para una cristología que pretende ser fiel a la Biblia y pertinente al contexto latinoamericano. | ||
| 650 | 7 |
_9239 _aCristología |
|
| 773 | 0 |
_049489 _981273 _oR2090 _tKairós _w(CO-MdFUSB)24 _x1014-9341 _gNúmero 50, (Enero - Junio, 2012), páginas 33-72 _qpáginas 33 |
|
| 942 | _cANA | ||
| 999 |
_c68175 _d68175 |
||